[Event "XVI C.to Mondiale seniores"]
[Site "Arvier ITA"]
[Date "2006.09.15"]
[Round "5"]
[White "Arkhangelsky, Boris"]
[Black "Kristiansen, Erling"]
[Result "1/2-1/2"]
[WhiteElo "2395"]
[BlackElo "2236"]
[PlyCount "118"]
[EventDate "2006.09.11"]

1. d4 Nf6 2. c4 g6 3. Nc3 d5 4. cxd5 Nxd5 5. Bd2 Nb6 6. Bf4 Bg7 7. Nf3 Nc6 8.
e3 O-O 9. Bb5 Nb4 10. O-O c6 11. Be2 N4d5 12. Be5 Nf6 13. Rc1 Nbd7 14. Bg3 Nh5
15. Bh4 Re8 16. Nd2 Nhf6 17. Nc4 Nb6 18. Ne5 Be6 19. b3 Nbd5 20. Na4 h6 21. Nc5
Bc8 22. Bg3 Nc7 23. Bc4 e6 24. Be2 Nb5 25. Bf3 Nd5 26. Qd2 Ne7 27. Nc4 Nf5 28.
Be5 f6 29. Bg3 Nxg3 30. hxg3 Nd6 31. Nb2 Qe7 32. Qc2 f5 33. Nbd3 Nf7 34. Nf4
Kh7 35. Rfd1 e5 36. dxe5 Nxe5 37. Be2 b6 38. Ncd3 Bd7 39. g4 Rad8 40. Nxe5 Bxe5
41. Bd3 Qg5 42. gxf5 gxf5 43. Bc4 Bxf4 44. exf4 Qxf4 45. Rd3 Bc8 46. Rcd1 Rxd3
47. Qxd3 Qe5 48. Qf3 c5 49. Qh5 Re7 50. Bf7 Qf6 51. Bd5 Ba6 52. Bf3 Qg5 53. Qh2
f4 54. Qh3 Bb5 55. Qc8 Be8 56. Qa8 Bg6 57. Qf8 Rf7 58. Qa8 Re7 59. Qf8 Rf7
1/2-1/2

[Event "XVI C.to Mondiale seniores"]
[Site "Arvier ITA"]
[Date "2006.09.15"]
[Round "5"]
[White "Beggi, Pierluigi"]
[Black "Zaric, Srboljub"]
[Result "0-1"]
[WhiteElo "2151"]
[BlackElo "2241"]
[PlyCount "62"]
[EventDate "2006.09.11"]

1. d4 e6 2. Nd2 Nf6 3. g3 c5 4. c3 Nc6 5. Ngf3 cxd4 6. cxd4 Qb6 7. e3 d5 8. Bd3
Nb4 9. Bb1 Bd7 10. O-O Bb5 11. Re1 Nd3 12. Bxd3 Bxd3 13. Ne5 Ba6 14. Nb3 Bd6
15. Bd2 Bxe5 16. dxe5 Nd7 17. Bc3 O-O 18. Bd4 Qb5 19. Qd2 b6 20. Rac1 Rfc8 21.
Bc3 Qa4 22. Nd4 Qxa2 23. Ra1 Qc4 24. b3 Qd3 25. Red1 Nxe5 26. Qb2 Qxc3 27. Qxc3
Rxc3 28. Rxa6 Nc6 29. Nxc6 Rxc6 30. Rda1 g6 31. b4 Kg7 0-1

[Event "XVI C.to Mondiale seniores"]
[Site "Arvier ITA"]
[Date "2006.09.15"]
[Round "5"]
[White "Belokopyt, Boris"]
[Black "Manukyan, Aleksan"]
[Result "0-1"]
[WhiteElo "2050"]
[BlackElo "2195"]
[PlyCount "114"]
[EventDate "2006.09.11"]

1. d4 d5 2. Nf3 c6 3. g3 Nf6 4. Bg2 Bf5 5. O-O h6 6. Nbd2 Nbd7 7. c4 e6 8. b3
g5 9. Bb2 Bg7 10. Re1 Ne4 11. cxd5 exd5 12. Nxe4 Bxe4 13. Nd2 Bxg2 14. Kxg2 Qa5
15. Qc2 O-O-O 16. a4 Bf8 17. Nf3 Bb4 18. Rf1 Rhe8 19. e3 Re4 20. Ne1 Bxe1 21.
Rfxe1 g4 22. Ba3 Qc7 23. Rec1 Rde8 24. Qd3 f5 25. a5 a6 26. b4 Nb8 27. Rc5 Kd8
28. Rac1 Qd7 29. R5c2 R8e6 30. Qc3 Ke8 31. b5 axb5 32. Qc5 Rf6 33. Qa7 Na6 34.
Qa8+ Kf7 35. Qh8 Re8 36. Qh7+ Ke6 37. Qxd7+ Kxd7 38. h4 Ra8 39. Ra1 Re6 40. Bc1
Nc7 41. Bd2 h5 42. Rb1 Ra6 43. Rbc1 Ne8 44. f3 gxf3+ 45. Kxf3 Nd6 46. Rf1 Re4
47. Kg2 Ke6 48. Rf4 Nc4 49. Rxe4+ dxe4 50. Kf2 Nxd2 51. Rxd2 Rxa5 52. Rc2 b4
53. Rb2 Rb5 54. Ke2 Kd5 55. Kd2 Kc4 56. Kc2 b3+ 57. Kd2 Ra5 0-1

[Event "XVI C.to Mondiale seniores"]
[Site "Arvier ITA"]
[Date "2006.09.15"]
[Round "5"]
[White "Buxade Roca, Guillermo"]
[Black "Westerinen, Heikki M.J."]
[Result "0-1"]
[WhiteElo "2202"]
[BlackElo "2378"]
[PlyCount "76"]
[EventDate "2006.09.11"]

1. d4 Nf6 2. Nf3 g6 3. c3 Bg7 4. Bf4 O-O 5. Nbd2 d6 6. e4 c5 7. dxc5 dxc5 8.
Qc2 Nc6 9. Be2 Nh5 10. Be3 b6 11. O-O-O Qc7 12. Ne1 Nf4 13. Bf3 e5 14. h4 h6
15. g3 Ne6 16. Be2 Ned4 17. cxd4 cxd4 18. Nf1 dxe3 19. Nxe3 Qb7 20. Bc4 Nd4 21.
Qd3 Bd7 22. Kb1 Rad8 23. N1c2 Qc7 24. h5 b5 25. Bd5 g5 26. Rc1 Qd6 27. Rhf1 Kh8
28. Nxd4 exd4 29. Nc2 f5 30. Rcd1 fxe4 31. Bxe4 Bg4 32. Rd2 Bxh5 33. Rh1 Bf7
34. Ne3 Qe6 35. Nc2 Qxa2+ 36. Kc1 Bb3 37. Qxb5 d3 38. Qxg5 Qxb2+ 0-1

[Event "XVI C.to Mondiale seniores"]
[Site "Arvier ITA"]
[Date "2006.09.15"]
[Round "5"]
[White "Chernikov, Oleg L."]
[Black "Nordstrom, Felix"]
[Result "1/2-1/2"]
[WhiteElo "2422"]
[BlackElo "2178"]
[PlyCount "48"]
[EventDate "2006.09.11"]

1. d4 Nf6 2. c4 e6 3. Nf3 d5 4. Nc3 Be7 5. Bg5 O-O 6. e3 Nbd7 7. Qc2 c5 8. cxd5
cxd4 9. Nxd4 Nxd5 10. Bxe7 Nxe7 11. Bd3 Nf6 12. O-O Bd7 13. Rfd1 Qb6 14. Ne4
Ned5 15. Nc5 Rfd8 16. a3 e5 17. Nf5 g6 18. Ng3 Bc6 19. b4 a5 20. Rab1 axb4 21.
axb4 Nxb4 22. Qc4 Ra5 23. Nxb7 Bxb7 24. Rxb4 Qc6 1/2-1/2

[Event "XVI C.to Mondiale seniores"]
[Site "Arvier ITA"]
[Date "2006.09.15"]
[Round "5"]
[White "Frumson, Yury"]
[Black "Davydov, Mikhail"]
[Result "0-1"]
[WhiteElo "2317"]
[BlackElo "2113"]
[PlyCount "92"]
[EventDate "2006.09.11"]

1. Nf3 d5 2. c4 e6 3. g3 dxc4 4. Qa4+ Nd7 5. Bg2 Ngf6 6. Qxc4 c5 7. Qb3 Rb8 8.
a4 b6 9. d3 Bd6 10. Na3 a6 11. O-O Bb7 12. Nc4 Bc7 13. Bg5 h6 14. Bxf6 Qxf6 15.
Nfd2 Bxg2 16. Kxg2 O-O 17. Nf3 Rfe8 18. Rfd1 Rbd8 19. Qc3 Qe7 20. Kg1 Nb8 21.
Ne3 Nc6 22. Qc4 a5 23. Qb3 Qd7 24. Nc2 e5 25. e4 g6 26. Ne3 Nb4 27. Ne1 Re6 28.
N1c2 Nxd3 29. Nd5 c4 30. Qc3 Kg7 31. Nce3 Qc6 32. Nxc4 Nc5 33. Nxc7 Rxd1+ 34.
Rxd1 Qxc7 35. Nd2 Qd7 36. Re1 Nxa4 37. Qc2 Nc5 38. Nc4 Qc6 39. f3 a4 40. Kg2
Nb3 41. Qd3 b5 42. Ne3 Qc5 43. h4 Rd6 44. Nd5 Rc6 45. Nc3 a3 46. Ne2 Qb4 0-1

[Event "XVI C.to Mondiale seniores"]
[Site "Arvier ITA"]
[Date "2006.09.15"]
[Round "5"]
[White "Hook, William"]
[Black "Wagner, Carl E."]
[Result "1/2-1/2"]
[WhiteElo "2084"]
[BlackElo "2209"]
[PlyCount "142"]
[EventDate "2006.09.11"]

1. Nf3 c5 2. g3 b6 3. Bg2 Bb7 4. O-O e6 5. b3 Nf6 6. Bb2 Be7 7. c4 O-O 8. e3 d5
9. Ne5 Qc7 10. Na3 dxc4 11. Nb5 Qc8 12. bxc4 Bxg2 13. Kxg2 Nbd7 14. Qf3 Nxe5
15. Bxe5 Nd7 16. Bb2 Bf6 17. Bxf6 Nxf6 18. a4 e5 19. d3 Qd7 20. Rfd1 Rab8 21.
Nc3 Rb7 22. a5 Rfb8 23. axb6 axb6 24. Nb5 Ne8 25. d4 exd4 26. exd4 cxd4 27.
Rxd4 Qe7 28. Rad1 h6 29. Re4 Qf8 30. Red4 Qe7 31. Qc6 Qf6 32. Qe4 Re7 33. Qd3
Qe6 34. Rd5 Qe4+ 35. Qxe4 Rxe4 36. Rd8 Rxd8 37. Rxd8 Kh7 38. Rc8 Re6 39. Kf3
Nf6 40. h3 Nd7 41. Nd4 Re1 42. Ne2 Rd1 43. Ke3 g6 44. Nc3 Rd6 45. Ne4 Re6 46.
Kd4 f5 47. Nc3 Rd6+ 48. Nd5 Kg7 49. Rc7 Kf8 50. Rb7 Ke8 51. Kc3 Kd8 52. Kb4 Kc8
53. Ra7 Kb8 54. Ra2 Nc5 55. Kb5 Ne4 56. Rc2 Kb7 57. g4 fxg4 58. hxg4 Nf6 59.
Nxf6 Rxf6 60. Re2 h5 61. Re7+ Kc8 62. gxh5 gxh5 63. Rh7 Rxf2 64. Kxb6 Rf6+ 65.
Kb5 h4 66. c5 Rf1 67. Rxh4 Rf6 68. Rh7 Rg6 69. Ra7 Kb8 70. Rh7 Kc8 71. c6 Rg1
1/2-1/2

[Event "XVI C.to Mondiale seniores"]
[Site "Arvier ITA"]
[Date "2006.09.15"]
[Round "5"]
[White "Jansa, Vlastimil"]
[Black "Klundt, Klaus"]
[Result "1/2-1/2"]
[WhiteElo "2482"]
[BlackElo "2380"]
[PlyCount "43"]
[EventDate "2006.09.11"]

1. e4 c5 2. Nf3 Nc6 3. Bb5 d6 4. O-O Bd7 5. Re1 Nf6 6. c3 a6 7. Ba4 b5 8. Bc2
e5 9. h3 Be7 10. d4 cxd4 11. cxd4 O-O 12. Nc3 Rc8 13. Be3 Re8 14. Rc1 h6 15.
Qd2 Bf8 16. d5 Na5 17. b3 Qc7 18. Ne2 Nb7 19. Bb1 Qb8 20. Ng3 Rxc1 21. Rxc1 Rc8
22. b4 1/2-1/2

[Event "XVI C.to Mondiale seniores"]
[Site "Arvier ITA"]
[Date "2006.09.15"]
[Round "5"]
[White "Karasev, Vladimir I."]
[Black "Vasiukov, Evgeni A."]
[Result "1/2-1/2"]
[WhiteElo "2379"]
[BlackElo "2505"]
[PlyCount "92"]
[EventDate "2006.09.11"]

1. d4 f5 2. c4 g6 3. Nc3 Nf6 4. g3 Bg7 5. Bg2 d6 6. Nf3 O-O 7. O-O Qe8 8. d5 a5
9. Nd4 Na6 10. e4 fxe4 11. Nxe4 Nxe4 12. Bxe4 Nc5 13. Bg2 Bd7 14. Be3 c6 15.
Qd2 e5 16. Nb3 Nxb3 17. axb3 Qd8 18. dxc6 Bxc6 19. Rfd1 e4 20. Bd4 Qc7 21. Bc3
Bxc3 22. bxc3 Rad8 23. Qd4 d5 24. c5 h5 25. Rd2 Kh7 26. Rda2 a4 27. bxa4 Qa5
28. Rb2 Rf5 29. Rab1 Qc7 30. Rd2 Ra8 31. Rb4 Qe7 32. Re2 Qf8 33. Reb2 Qe7 34.
Re2 Qf8 35. h4 Ra5 36. c4 Rxc5 37. cxd5 Rcxd5 38. Qb2 Rd1+ 39. Kh2 Rf3 40.
Rxb7+ Bxb7 41. Qxb7+ Rf7 42. Qb6 Rd6 43. Qe3 Rdf6 44. Kg1 Qb4 45. Qxe4 Qxe4 46.
Bxe4 Ra7 1/2-1/2

[Event "XVI C.to Mondiale seniores"]
[Site "Arvier ITA"]
[Date "2006.09.15"]
[Round "5"]
[White "Keserovic, Milan"]
[Black "Taksrud, Vidar"]
[Result "1/2-1/2"]
[WhiteElo "2230"]
[BlackElo "2120"]
[PlyCount "115"]
[EventDate "2006.09.11"]

1. e4 d5 2. exd5 Nf6 3. d4 Nxd5 4. Nf3 g6 5. Bc4 Bg7 6. O-O O-O 7. h3 c6 8. Re1
Nd7 9. Nbd2 N7f6 10. Ne5 Be6 11. Ndf3 Nc7 12. Bd3 a5 13. c4 Nd7 14. Be3 Nxe5
15. Nxe5 a4 16. f4 Ne8 17. Qc2 Nd6 18. g4 f6 19. Nf3 Bd7 20. Rad1 Qc8 21. Bd2
Re8 22. Bb4 Bxg4 23. hxg4 Qxg4+ 24. Qg2 Qd7 25. d5 cxd5 26. cxd5 Nf5 27. Qh3
Qxd5 28. Bxf5 Qxf5 29. Qxf5 gxf5 30. Rxe7 Rxe7 31. Bxe7 Bh6 32. Bxf6 Bxf4 33.
Rd7 Ra6 34. Rg7+ Kf8 35. Bc3 Rg6+ 36. Rxg6 hxg6 37. Ne5 Bxe5 38. Bxe5 Ke7 39.
Kf2 Ke6 40. Bf4 Kd5 41. Ke3 Kc4 42. Kd2 Kd4 43. Bg5 Ke4 44. Ke2 f4 45. Bh6 Kf5
46. Bf8 g5 47. Be7 g4 48. Bd6 Ke4 49. Bc7 Kf5 50. b3 b5 51. Bd6 Ke4 52. Kf2
axb3 53. axb3 f3 54. b4 Kd3 55. Bc5 Kc4 56. Kg3 Kc3 57. Kxg4 f2 58. Bxf2
1/2-1/2

[Event "XVI C.to Mondiale seniores"]
[Site "Arvier ITA"]
[Date "2006.09.15"]
[Round "5"]
[White "Krstic, Slobodan"]
[Black "Kaminik, Aleksandar"]
[Result "0-1"]
[WhiteElo "2062"]
[BlackElo "2226"]
[PlyCount "66"]
[EventDate "2006.09.11"]

1. e4 e6 2. Qe2 c5 3. f4 Nc6 4. Nf3 g6 5. g3 Bg7 6. c3 Nge7 7. d3 O-O 8. Be3 b6
9. Na3 d5 10. e5 d4 11. Bf2 dxc3 12. bxc3 f6 13. Bg2 fxe5 14. Nxe5 Nxe5 15.
fxe5 Nd5 16. Rc1 Bh6 17. Rc2 Bd7 18. O-O Ba4 19. Rb2 Bc6 20. Qg4 Qd7 21. Qh3
Bg7 22. Nb1 Ne7 23. d4 cxd4 24. cxd4 Rac8 25. Rd2 Rf5 26. g4 Rf4 27. Be3 Rxf1+
28. Bxf1 Be4 29. Rd1 Qa4 30. Rc1 Rxc1 31. Bxc1 Bxb1 32. Be3 Qd1 33. Bf2 Be4 0-1

[Event "XVI C.to Mondiale seniores"]
[Site "Arvier ITA"]
[Date "2006.09.15"]
[Round "5"]
[White "Loktiev, Ivan"]
[Black "Gabriel, Josef"]
[Result "1/2-1/2"]
[WhiteElo "2383"]
[BlackElo "2204"]
[PlyCount "98"]
[EventDate "2006.09.11"]

1. d4 f5 2. g3 Nf6 3. Bg2 g6 4. Nf3 Bg7 5. O-O O-O 6. c4 d6 7. Nc3 Qe8 8. d5 c5
9. Rb1 h6 10. Ne1 g5 11. f4 Qg6 12. Nd3 Na6 13. a3 Bd7 14. e3 b6 15. Re1 Nc7
16. b3 Rae8 17. Bb2 Ng4 18. Nf2 gxf4 19. gxf4 e5 20. dxe6 Bc6 21. Nxg4 Bxg2 22.
Kxg2 Kh7 23. Nd5 Nxe6 24. Bxg7 Nxg7 25. Qc2 Qxg4+ 26. Kh1 Nh5 27. Rg1 Qf3+ 28.
Qg2 Qe4 29. Qxe4 Rxe4 30. Kg2 Kg6 31. Kf3+ Kf7 32. Rbd1 Rfe8 33. Rge1 Rd8 34.
Rd3 Nf6 35. Red1 Ne8 36. Rg1 Re6 37. Rd2 Ng7 38. Rg3 Rde8 39. Ke2 Rb8 40. Kd3
Ne8 41. Rdg2 b5 42. Rg8 bxc4+ 43. Kxc4 Re4+ 44. Kc3 a5 45. a4 Rb7 46. R2g6 c4
47. bxc4 Rb1 48. Nc7 Rxe3+ 49. Kd2 Rbe1 1/2-1/2

[Event "XVI C.to Mondiale seniores"]
[Site "Arvier ITA"]
[Date "2006.09.15"]
[Round "5"]
[White "Rosino, Antonio"]
[Black "Etmans, Maarten D."]
[Result "0-1"]
[WhiteElo "2290"]
[BlackElo "2159"]
[PlyCount "100"]
[EventDate "2006.09.11"]

1. e4 Nf6 2. e5 Ng8 3. d4 d6 4. Nf3 Bg4 5. h3 Bxf3 6. Qxf3 c6 7. Qb3 Qb6 8. Bf4
Qxb3 9. axb3 d5 10. c4 dxc4 11. bxc4 e6 12. Be2 Bb4+ 13. Nd2 Ne7 14. O-O-O
Bxd2+ 15. Rxd2 Nd7 16. Bh2 O-O 17. f4 a5 18. g4 a4 19. Kc2 Rfc8 20. Kb1 Rd8 21.
Rhd1 Ra5 22. Bf3 Rb8 23. f5 Rf8 24. Be4 b5 25. d5 cxd5 26. cxd5 Nc5 27. Bg2
exd5 28. Bxd5 b4 29. Bc4 a3 30. Rd8 Ra8 31. Rxa8 Rxa8 32. bxa3 bxa3 33. e6 Kf8
34. exf7 Ne4 35. Re1 Nd2+ 36. Kc2 Nxc4 37. Re4 Rc8 38. Rd4 Kxf7 39. Kb3 Ra8 40.
Rxc4 a2 41. Be5 a1=Q 42. Bxa1 Rxa1 43. Kc2 Ra2+ 44. Kd1 Rh2 45. Rc3 Kf6 46. Ke1
h5 47. Re3 hxg4 48. Re6+ Kf7 49. hxg4 Rg2 50. Re4 Nd5 0-1

[Event "XVI C.to Mondiale seniores"]
[Site "Arvier ITA"]
[Date "2006.09.15"]
[Round "5"]
[White "Salehimoghaddam, A."]
[Black "Barlocco, Carlo"]
[Result "1-0"]
[WhiteElo "2025"]
[BlackElo "2183"]
[PlyCount "71"]
[EventDate "2006.09.11"]

1. e4 Nc6 2. Nf3 d6 3. d4 Bg4 4. Be3 e6 5. Bb5 a6 6. Be2 Nf6 7. Nc3 Be7 8. O-O
O-O 9. a4 d5 10. e5 Nd7 11. Ne1 Bxe2 12. Nxe2 f6 13. Nf4 Qc8 14. Nxe6 Rf7 15.
Nxc7 Qxc7 16. e6 Rff8 17. exd7 Bd6 18. Qh5 Ne7 19. Qh3 Kh8 20. c3 Rfd8 21. Nd3
b6 22. Rfe1 Rxd7 23. Bf4 Ng6 24. Bxd6 Rxd6 25. Qg3 Qd7 26. h4 Re6 27. Rxe6 Qxe6
28. h5 Ne7 29. Re1 Qd7 30. Qe3 Ng8 31. Qe6 Qxa4 32. Nf4 Qc2 33. Qxd5 Ra7 34. g3
g5 35. Re8 Rg7 36. h6 1-0

[Event "XVI C.to Mondiale seniores"]
[Site "Arvier ITA"]
[Date "2006.09.15"]
[Round "5"]
[White "Siegmund, Rainer"]
[Black "Ljubarskij, Juri"]
[Result "1-0"]
[WhiteElo "2154"]
[BlackElo "2341"]
[PlyCount "85"]
[EventDate "2006.09.11"]

1. d4 Nf6 2. c4 e5 3. dxe5 Ng4 4. Bf4 Nc6 5. Nf3 Bb4+ 6. Nc3 Qe7 7. Qd5 f6 8.
exf6 Bxc3+ 9. bxc3 Nxf6 10. Qd3 d6 11. g3 Ne4 12. Bg2 Nc5 13. Qe3 Qxe3 14. Bxe3
Na5 15. Nd2 Be6 16. Bxc5 dxc5 17. Nb3 Nxc4 18. Nxc5 Ke7 19. Nxe6 Kxe6 20. Bxb7
Rab8 21. Ba6 Kd5 22. Rd1+ Kc5 23. O-O Rhd8 24. Rd4 Nd6 25. Rfd1 Rb2 26. R4d2
Rdb8 27. Bd3 g6 28. a4 a5 29. e4 R2b3 30. e5 Nf7 31. Bf1 c6 32. f4 Rxc3 33. Rd7
Nh6 34. Re1 Nf5 35. e6 Ne3 36. e7 Re8 37. Bh3 Nc4 38. Rd8 Nd6 39. Rxe8 Nxe8 40.
Bd7 Ng7 41. e8=Q Nxe8 42. Bxe8 Rc4 43. Re5+ 1-0

[Event "XVI C.to Mondiale seniores"]
[Site "Arvier ITA"]
[Date "2006.09.15"]
[Round "5"]
[White "Spassov, Liuben D."]
[Black "Johnsen, Gunnar"]
[Result "1-0"]
[WhiteElo "2387"]
[BlackElo "2215"]
[PlyCount "101"]
[EventDate "2006.09.11"]

1. d4 g6 2. c4 Bg7 3. e4 d6 4. Nc3 e5 5. d5 a5 6. Bd3 Na6 7. Nge2 h5 8. h4 Bh6
9. Bxh6 Nxh6 10. Qd2 Qe7 11. O-O-O Bd7 12. Kb1 Kf8 13. f3 Kg7 14. g3 Nc5 15.
Bc2 b6 16. b3 f5 17. Rde1 Raf8 18. f4 fxe4 19. Nxe4 Nxe4 20. Bxe4 Nf5 21. Qc3
Qf6 22. Kb2 exf4 23. Bxf5 Bxf5 24. Nxf4 Qxc3+ 25. Kxc3 Re8 26. Kd4 Kf6 27. Rhf1
Rxe1 28. Rxe1 Rb8 29. a3 Ra8 30. Re3 Rc8 31. Ne2 Rg8 32. Nc3 g5 33. hxg5+ Rxg5
34. Nb5 Rg4+ 35. Kc3 Rg7 36. b4 axb4+ 37. axb4 Bg4 38. c5 bxc5 39. bxc5 Re7 40.
Rxe7 Kxe7 41. Nxc7 dxc5 42. Kc4 Bf3 43. Kxc5 Bxd5 44. Kxd5 Kf6 45. Ke4 Kg5 46.
Kf3 h4 47. g4 h3 48. Ne6+ Kf6 49. Nc5 h2 50. Ne4+ Ke5 51. Nf2 1-0

[Event "XVI C.to Mondiale seniores"]
[Site "Arvier ITA"]
[Date "2006.09.15"]
[Round "5"]
[White "Speijer, Nico Bram"]
[Black "Gousseinov, Aguif"]
[Result "0-1"]
[WhiteElo "2201"]
[BlackElo "2049"]
[PlyCount "112"]
[EventDate "2006.09.11"]

1. e4 e5 2. f4 exf4 3. Nf3 d6 4. Bc4 Be6 5. Bb3 Bxb3 6. axb3 g5 7. O-O h6 8. d4
Bg7 9. c3 Nd7 10. g3 fxg3 11. hxg3 Qe7 12. Qd3 a6 13. Nbd2 Qe6 14. Kg2 Ne7 15.
Nc4 Qg6 16. Qe2 O-O 17. Bd2 b5 18. Na3 f5 19. exf5 Nxf5 20. Rae1 Rae8 21. Qd1
Nf6 22. Nc2 Ne4 23. Nh2 Nfxg3 24. Rxf8+ Rxf8 25. Be3 d5 26. Nb4 c6 27. Nxa6 Nf5
28. Nc5 Ned6 29. Bf2 Re8 30. Nf3 Ne4 31. Nd3 Qf6 32. Nfe5 Nxf2 33. Nxf2 Nh4+
34. Kg1 Qf4 35. Qd3 Bxe5 36. dxe5 Rxe5 37. Rxe5 Nf3+ 38. Kg2 Nxe5 39. Qh3 g4
40. Qh4 Qf3+ 41. Kg1 g3 42. Nh1 Qe3+ 43. Kg2 Qd2+ 44. Kxg3 Qg5+ 45. Qxg5+ hxg5
46. Nf2 Kf7 47. b4 Kf6 48. b3 Kf5 49. Nh3 Nf7 50. Nf2 Ne5 51. Nh3 Nd3 52. Ng1
Nf4 53. Nf3 Ne6 54. Nd2 g4 55. Nf1 Nf4 56. c4 d4 0-1

[Event "XVI C.to Mondiale seniores"]
[Site "Arvier ITA"]
[Date "2006.09.15"]
[Round "5"]
[White "Tatai, Stefano"]
[Black "Ofstad, Per"]
[Result "1-0"]
[WhiteElo "2361"]
[BlackElo "2151"]
[PlyCount "47"]
[EventDate "2006.09.11"]

1. e4 c6 2. d4 d5 3. Nd2 dxe4 4. Nxe4 Nd7 5. Ng5 Ndf6 6. Bc4 Nd5 7. N1f3 Bf5 8.
g4 Bg6 9. Ne5 f6 10. Nxg6 hxg6 11. Ne6 Qd6 12. Qe2 Kf7 13. Nc5 e6 14. Bd2 Re8
15. h4 Qc7 16. Nd3 Bd6 17. Qf3 Nge7 18. O-O-O Nc8 19. Rde1 Ncb6 20. Bb3 c5 21.
dxc5 Bxc5 22. Ne5+ Kg8 23. Nxg6 Qc6 24. Nxh8 1-0

[Event "XVI C.to Mondiale seniores"]
[Site "Arvier ITA"]
[Date "2006.09.15"]
[Round "5"]
[White "Viner, Phillip J."]
[Black "Zelkind, Eduard"]
[Result "1/2-1/2"]
[WhiteElo "2140"]
[BlackElo "2232"]
[PlyCount "63"]
[EventDate "2006.09.11"]

1. d4 Nf6 2. Nf3 g6 3. c4 Bg7 4. Nc3 d6 5. Bg5 O-O 6. e3 c6 7. Be2 Nbd7 8. Qc2
Qc7 9. O-O Re8 10. Rfd1 Nf8 11. h3 e5 12. dxe5 dxe5 13. Rd2 Be6 14. Rad1 N8d7
15. Bh4 Nc5 16. Ng5 Bf5 17. e4 Bc8 18. Bg3 Ne6 19. Nxe6 Bxe6 20. Bh4 Nd7 21.
Bg5 Nf8 22. Na4 f6 23. Be3 b6 24. Qd3 Bf7 25. Qd6 Qxd6 26. Rxd6 Rac8 27. b3 h5
28. Nc3 Rc7 29. Rd8 Ne6 30. R8d7 Re7 31. Rxe7 Rxe7 32. h4 1/2-1/2

[Event "XVI C.to Mondiale seniores"]
[Site "Arvier ITA"]
[Date "2006.09.15"]
[Round "5"]
[White "Zhelesny, Stanislav"]
[Black "Gutzeit, Avraham"]
[Result "1/2-1/2"]
[WhiteElo "2235"]
[BlackElo "2079"]
[PlyCount "66"]
[EventDate "2006.09.11"]

1. d4 d5 2. Nf3 Nf6 3. g3 g6 4. Bg2 Bg7 5. O-O O-O 6. Nbd2 c6 7. c3 Nbd7 8. Re1
e5 9. dxe5 Ng4 10. h3 Ngxe5 11. Nxe5 Nxe5 12. f4 Qb6+ 13. Kh2 Nc4 14. Nxc4 dxc4
15. e4 Rd8 16. Qe2 Be6 17. Be3 Qa5 18. a3 Rd3 19. Bf1 Rad8 20. Qf2 Qh5 21. Qg2
Bg4 22. Be2 Bxe2 23. Rxe2 Qa5 24. Qf2 b6 25. Rae1 Re8 26. Qg2 Qb5 27. e5 Qd5
28. Qxd5 Rxd5 29. Kg2 f6 30. exf6 Bxf6 31. Bf2 Rxe2 32. Rxe2 Kf7 33. Kf3 Rd3+
1/2-1/2

[Event "XVI C.to Mondiale seniores"]
[Site "Arvier ITA"]
[Date "2006.09.16"]
[Round "6"]
[White "Acunzo, Domenico"]
[Black "Dinser, Hans"]
[Result "1/2-1/2"]
[WhiteElo "1764"]
[BlackElo "1941"]
[PlyCount "42"]
[EventDate "2006.09.11"]

1. e4 c5 2. Nf3 Nc6 3. d4 cxd4 4. Nxd4 Nf6 5. Nc3 d6 6. Bg5 e5 7. Ndb5 a6 8.
Na3 Be6 9. Nc4 b5 10. Bxf6 gxf6 11. Ne3 Nd4 12. Ncd5 f5 13. exf5 Nxf5 14. Nxf5
Bxf5 15. Be2 Rc8 16. c3 Bg7 17. Bg4 Qg5 18. Ne3 Bxg4 19. Qxg4 Qxg4 20. Nxg4 d5
21. Ne3 Rd8 1/2-1/2

[Event "XVI C.to Mondiale seniores"]
[Site "Arvier ITA"]
[Date "2006.09.16"]
[Round "6"]
[White "Andersson, Kaj"]
[Black "Chernikov, Oleg L."]
[Result "0-1"]
[WhiteElo "2138"]
[BlackElo "2422"]
[PlyCount "88"]
[EventDate "2006.09.11"]

1. e4 c5 2. Nf3 g6 3. d4 cxd4 4. Nxd4 Bg7 5. Nc3 Nc6 6. Be3 Nf6 7. f3 O-O 8.
Qd2 d5 9. exd5 Nxd5 10. Nxd5 Qxd5 11. Nxc6 Qxc6 12. c3 Bf5 13. Rd1 b5 14. Qd5
Qc7 15. Qc5 Qxc5 16. Bxc5 Rfc8 17. Be3 Rab8 18. Bd3 b4 19. Bxf5 gxf5 20. Bxa7
Ra8 21. Be3 bxc3 22. bxc3 Bxc3+ 23. Ke2 Rxa2+ 24. Kd3 Bf6 25. Rd2 Rd8+ 26. Ke2
Rdxd2+ 27. Bxd2 Bg5 28. Rd1 Kg7 29. g3 Rxd2+ 30. Rxd2 Bxd2 31. Kxd2 Kf6 32. Kd3
Ke5 33. Kc4 Kd6 34. Kd4 h5 35. h4 Ke6 36. Kd3 Kd5 37. Ke3 e5 38. Kd3 e4+ 39.
Ke3 Ke5 40. Kf2 Kd4 41. Ke2 e3 42. Ke1 Kd3 43. g4 hxg4 44. h5 g3 0-1

[Event "XVI C.to Mondiale seniores"]
[Site "Arvier ITA"]
[Date "2006.09.16"]
[Round "6"]
[White "Barlocco, Carlo"]
[Black "De Laubadere, Philippe"]
[Result "1/2-1/2"]
[WhiteElo "2183"]
[BlackElo "2002"]
[PlyCount "250"]
[EventDate "2006.09.11"]

1. d4 f5 2. Nf3 Nf6 3. b3 g6 4. Bb2 Bg7 5. g3 O-O 6. Bg2 Ne4 7. Nbd2 c5 8. O-O
Nc6 9. Nc4 d5 10. Nce5 cxd4 11. Nxc6 bxc6 12. Bxd4 Qd6 13. Bxg7 Kxg7 14. Qd4+
Kg8 15. Rfd1 Ba6 16. Bf1 Rfd8 17. e3 Bxf1 18. Kxf1 c5 19. Qd3 Qf6 20. Ng1 Nc3
21. Re1 Rac8 22. Ne2 Nxe2 23. Qxe2 Qc3 24. Qd3 Qxd3+ 25. cxd3 Rd6 26. Rec1 e5
27. Rc2 Kf7 28. Ke2 Ke6 29. Rac1 Rdc6 30. f3 Kd6 31. e4 R8c7 32. exd5 Kxd5 33.
Rc4 Ra6 34. R1c2 Rb6 35. Ke3 Rcc6 36. f4 exf4+ 37. Kxf4 h6 38. h4 h5 39. Ra4 a6
40. Rcc4 Re6 41. Kf3 Rb5 42. d4 cxd4 43. Rxd4+ Ke5 44. Rd2 Kf6 45. Rad4 Rbb6
46. Rd8 Rbc6 47. R8d3 Rb6 48. Re3 Rec6 49. Re8 Rc3+ 50. Kg2 Rb4 51. Red8 Rg4
52. R8d3 Rxd3 53. Rxd3 Ke5 54. Rf3 Rd4 55. Re3+ Re4 56. Kf2 Kd4 57. Rf3 a5 58.
a3 Rg4 59. Ke2 Re4+ 60. Kd2 Kc5 61. Rf4 Re6 62. b4+ Kb5 63. bxa5 Kxa5 64. Rf3
Ka4 65. Re3 Rd6+ 66. Ke2 Rd4 67. Kf2 Rd6 68. Kf3 Rd4 69. Re6 Rg4 70. Ra6+ Kb5
71. Ra8 f4 72. Rb8+ Ka5 73. gxf4 Rxh4 74. Ra8+ Kb6 75. Rg8 Rg4 76. Ke4 h4 77.
Ke5 h3 78. Rh8 Rg3 79. a4 Ka5 80. Rh4 Rf3 81. Kd5 h2 82. Ke4 Rf2 83. Ke3 Ra2
84. Kf3 Kb6 85. Kg3 Kc7 86. Rxh2 Rxa4 87. Rh6 Kd7 88. Kg4 Ra5 89. Rxg6 Ke7 90.
Rg5 Ra4 91. Rb5 Kf7 92. Rb7+ Kf6 93. Rb6+ Kf7 94. Kg5 Ra1 95. Rb7+ Kf8 96. f5
Ra6 97. Rh7 Rb6 98. Rh8+ Kf7 99. Rh1 Ra6 100. Rb1 Rc6 101. Rb7+ Kf8 102. Kf4
Ra6 103. Rd7 Rb6 104. Rd5 Kf7 105. Ke5 Ra6 106. Rb5 Rc6 107. Rd5 Ke7 108. Rd1
Rc5+ 109. Kf4 Rc6 110. Rh1 Kf7 111. Ke5 Ra6 112. Rh7+ Ke8 113. Rc7 Rb6 114. Rc5
Ke7 115. Rc8 Ra6 116. Rb8 Rc6 117. Kf4 Kf7 118. Ke4 Rd6 119. Rh8 Ra6 120. Ke5
Rb6 121. Rd8 Ra6 122. Rd7+ Ke8 123. Rd6 Rxd6 124. Kxd6 Kf7 125. Ke5 Ke7 1/2-1/2

[Event "XVI C.to Mondiale seniores"]
[Site "Arvier ITA"]
[Date "2006.09.16"]
[Round "6"]
[White "Bayer, Wolfgang"]
[Black "Rosino, Antonio"]
[Result "1/2-1/2"]
[WhiteElo "2103"]
[BlackElo "2290"]
[PlyCount "83"]
[EventDate "2006.09.11"]

1. c4 e5 2. Nc3 Nf6 3. g3 c6 4. d3 d5 5. Bg5 d4 6. Bxf6 Qxf6 7. Ne4 Bb4+ 8. Nd2
Bf5 9. Bg2 Nd7 10. Ngf3 O-O 11. a3 Be7 12. O-O Qh6 13. Ne4 Bh3 14. Qc1 Qh5 15.
Bxh3 Qxh3 16. Neg5 Qh5 17. Kg2 f5 18. Nh3 c5 19. Rb1 a5 20. Nfg1 g5 21. f3 Ra6
22. Nf2 Rh6 23. h3 Nf6 24. g4 Qg6 25. Qd2 b6 26. e4 f4 27. Rfc1 Rh4 28. Kf1 h5
29. Ke1 hxg4 30. fxg4 Rh6 31. Nf3 Nd7 32. a4 Rf7 33. Ke2 Qf6 34. Rh1 Qe6 35.
Rbg1 Rfh7 36. Qc1 Nf8 37. b3 Ng6 38. Qd1 Rf7 39. Kd2 Qf6 40. Kc2 Nh4 41. Nxh4
Rxh4 42. Qf3 1/2-1/2